Statistics for Fruity Facts

Click here to take the quiz!

General Stats

  • This quiz has been taken 18 times
    (16 since last reset)
  • The average score is 12 of 21

Answer Stats

QuestionAnswer% Correct
The flower of the cherry tree is the national symbol of which country?Japan
93%
The only fruit to have seeds on the outside is:Strawberry
93%
Apple seeds contain:Cyanide
87%
In Greek mythology, in the stories of Persephone, what is said to be the fruit of the underworld?Pomegranate
87%
Which of these is NOT a fruit?Corn
80%
According to American research, which fruit is No. 1 when it comes to antioxidants?Blueberry
67%
Drinking the juice of this fruit while taking some prescription medications can cause instant overdose and death.Grapefruit
67%
What percentage of the watermelon is water?92
60%
In January 2009, what was named as the state fruit of Ohio?Cranberry
60%
Which fruit has the highest oil content?Olive
60%
Apples, peaches and raspberries are all members of the rose family.True
60%
What is a nectarine?A type of peach
53%
A loganberry is a cross between a blackberry and a:Raspberry
53%
The study of fruits is called...Pomology
47%
What is the most expensive fruit in the world? Two pieces once sold at auction for $26,000.Yubari Cantaloupes
47%
In the Hindu culture, the leaves of which fruit are hung at weddings to ensure fertility?Mango
40%
Eating an apple is just as effective a method of staying awake as consuming coffee.True
40%
Which of these fruits is not native to North America?Apple
27%
Where was the kiwi fruit first grown?China
27%
There’s a tree called a Fruit Salad Tree that sprouts 3 to 7 different fruits in the same tree.True
27%
Every year there are, on average, how many banana-related accidents in Britain?300
20%

Score Distribution

Percentile by Number Answered

Percent of People with Each Score

Your Score History

You have not taken this quiz since the last reset